000 00635nam a22002177a 4500
003 UA-OsUOA
001 113242
007 ta
008 20150902b un ||||| |||| 00| 0 ukr d
100 _aНікітіна З.
090 _a101
_bН71
942 _cSA
040 _aUA-OsUOA
_bukr
_cUA-OsUOA
_dUA-OsUOA
245 _aСенсуалістичні мотиви концепції знання Теофана Прокоповича
300 _aС.9-14
955 _a0
041 _aukr
080 _a101
773 0 _w113240
_tМандрівець
_dТернопіль
_d2015
_g2
650 7 _a1 Філософські науки
_2UDC
999 _c399212
_d399212